| Tag |
First Indicator |
Second Indicator |
Subfields |
| LEADER |
00000cam a2200000 a 4500 |
| 001 |
in00000011508 |
| 005 |
20151007052059.0 |
| 008 |
870212s1987 nyu 00100 eng |
| 010 |
|
|
|a 87005214
|
| 020 |
|
|
|a 0231061560 (alk. paper)
|
| 020 |
|
|
|a 0231061579 (pbk. : alk. paper)
|
| 035 |
|
|
|a (OCoLC)15252293
|
| 035 |
|
|
|9 AAA6194AM
|
| 040 |
|
|
|a DLC
|c DLC
|d TXA
|d UtOrBLW
|
| 049 |
|
|
|a TXAM
|c 1 [A12636262], 2 [A11065905]
|
| 050 |
0 |
0 |
|a QH366.2
|b .N38 1987
|
| 082 |
0 |
|
|a 575
|2 19
|
| 245 |
0 |
4 |
|a The Natural history reader in evolution /
|c Niles Eldredge, editor.
|
| 264 |
|
1 |
|a New York :
|b Columbia University Press,
|c 1987.
|
| 300 |
|
|
|a xvii, 236 pages ;
|c 24 cm.
|
| 336 |
|
|
|a text
|b txt
|2 rdacontent
|
| 337 |
|
|
|a unmediated
|b n
|2 rdamedia
|
| 338 |
|
|
|a volume
|b nc
|2 rdacarrier
|
| 500 |
|
|
|a Includes index.
|
| 650 |
|
0 |
|a Evolution.
|
| 700 |
1 |
|
|a Eldredge, Niles.
|
| 999 |
|
|
|a MARS
|
| 999 |
f |
f |
|s 10c02161-c9e4-3556-b88b-4edea7a2c186
|i 5caa8c02-28b8-3e0c-b348-6bc9543a3e73
|t 0
|
| 952 |
f |
f |
|p ric
|a Texas A&M University
|b Rellis Campus
|c Joint Library Facility
|d Remote Storage
|t 0
|e QH366.2 .N38 1987
|h Library of Congress classification
|i unmediated -- volume
|m A14812636262
|
| 998 |
f |
f |
|a QH366.2 .N38 1987
|t 0
|l Remote Storage
|